Celebrare Gesù Cristo. L’anno liturgico. (Record n. 13652)
[ formato base ]
| 000 -LEADER | |
|---|---|
| fixed length control field | 00714nam a2200217Ia 4500 |
| 003 - CONTROL NUMBER IDENTIFIER | |
| control field | IT-RoPAU |
| 008 - FIXED-LENGTH DATA ELEMENTS--GENERAL INFORMATION | |
| fixed length control field | 120407s9999 xx 000 0 und d |
| 040 ## - CATALOGING SOURCE | |
| Original cataloging agency | IT-RoPAU |
| 040 ## - CATALOGING SOURCE | |
| Transcribing agency | IT-RoPAU |
| 041 ## - LANGUAGE CODE | |
| Language code of text/sound track or separate title | ita |
| 100 ## - MAIN ENTRY--PERSONAL NAME | |
| Personal name | Adrien Nocent |
| 245 ## - TITLE STATEMENT | |
| Title | Celebrare Gesù Cristo. L’anno liturgico. |
| 250 ## - EDITION STATEMENT | |
| Edition statement | Assisi |
| 260 ## - PUBLICATION, DISTRIBUTION, ETC. (IMPRINT) | |
| Place of publication, distribution, etc. | Cittadella |
| 260 ## - PUBLICATION, DISTRIBUTION, ETC. (IMPRINT) | |
| Date of publication, distribution, etc. | 1976 |
| 300 ## - PHYSICAL DESCRIPTION | |
| Dimensions | cm |
| 490 ## - SERIES STATEMENT | |
| Volume/sequential designation | 1717 |
| 600 ## - SUBJECT ADDED ENTRY--PERSONAL NAME | |
| Personal name | "1° v. Intro-l’Avvento 260 p. 2° v. Natale - Epifania 232 p. 3° v. Quaresima 352 p. 4° v. Tempo Pasquale 408 p. 5° v. T. Ord. - Domeniche da 2 a 8 280 p. 6° v. T. Ord. Domeniche da 9 a 21 : 264 p. 7° v. T. Ord. - Domeniche da 22 a 34 256 p. " |
| 942 ## - ADDED ENTRY ELEMENTS (KOHA) | |
| Koha item type | LIBRO |
| Withdrawn status | Lost status | Source of classification or shelving scheme | Damaged status | Not for loan | Home library | Current library | Date acquired | Total Checkouts | Full call number | Date last seen | Price effective from | Koha item type | Public note |
|---|---|---|---|---|---|---|---|---|---|---|---|---|---|
| Dewey Decimal Classification | Buone Condizioni | Not For Loan | PAULUS-BIBLIOTECA | PAULUS-BIBLIOTECA | 11/04/2012 | 264.4.401 | 11/04/2012 | 11/04/2012 | LIBRO | Inserito da: Marisa In data: 02 settembre 2011 fondo: Via A.Severo 56 Progr:2813 |